000 00291nam a22001217a 4500
040 _cHS
082 _a631
100 _aសួស ចំណាន
245 _aការស្រោចស្រព irrigation
260 _aRUA
_bសួស ចំណាន
_c2011
300 _a53p.
942 _cKB
999 _c8762
_d8762